El Reino Animal : (Record no. 7804)

000 -CABECERA
fixed length control field 00956nam a22002177a 4500
003 - IDENTIFICADOR DEL NÚMERO DE CONTROL
control field AR-CdUCM
008 - DATOS DE LONGITUD FIJA--INFORMACIÓN GENERAL
fixed length control field 190321b ||||| |||| 00| 0 spa d
040 ## - FUENTE DE LA CATALOGACIÓN
Agencia/entidad que catalogó originalmente la obra MUNICIPALIDAD PROVINCIAL DEL CUSCO
Entidad que transcribió la catalogación BIBLIOTECA MUNICIPAL DEL CUSCO
082 ## - NÚMERO DE LA CLASIFICACIÓN DECIMAL DEWEY
No. de Clasificación 591 /
Notacion interna D62
100 ## - ENTRADA PRINCIPAL--NOMBRE DE PERSONA
Nombre Personal Dethier, V.G.
245 ## - MENCIÓN DE TÍTULO
Título El Reino Animal :
Resto del título Conduscta y sus bases evolucionaria y neurologica /
260 ## - PUBLICACIÓN, DISTRIBUCIÓN, ETC.
Lugar de publicación, distribución, etc. México :
Nombre de la editorial, distribuidor, etc. Union Tipografica Editorial Hispano Americana ,
Fecha de publicación, distribución, etc. 1967.
300 ## - DESCRIPCIÓN FÍSICA
Nº de Páginas Extensión 199 + 11 páginas ;
Dimensiones 17.5 cm.
505 ## - NOTA DE CONTENIDO CON FORMATO
Nota de contenido formateada Contenido : Irritabilidad y conduccion -- Sistema Nervioso simple -- Sistema nervioso radial complejo -- sistema nervioso bilateral -- El sistema nervioso de los vertebrados -- Conducta Estereotipada -- Aprendizaje -- Procesos Complejos...
650 ## - PUNTO DE ACCESO ADICIONAL DE MATERIA--TÉRMINO DE MATERIA
Descriptor Conducta Animal
9 (RLIN) 22059
650 ## - PUNTO DE ACCESO ADICIONAL DE MATERIA--TÉRMINO DE MATERIA
Descriptor El sistema linfatico Animal
9 (RLIN) 22060
650 ## - PUNTO DE ACCESO ADICIONAL DE MATERIA--TÉRMINO DE MATERIA
Descriptor Veterinaria
9 (RLIN) 19735
700 ## - PUNTO DE ACCESO ADICIONAL--NOMBRE DE PERSONA
Nombre Personal Stellar, Eliot
9 (RLIN) 22061
942 ## - ELEMENTOS DE PUNTO DE ACCESO ADICIONAL (KOHA)
Fuente de clasificación
Tipo de item Libros-BMC
945 ## - PROCESAMIENTO DE INFORMACIÓN LOCAL (OCLC)
Catalogador rtm
Holdings
Estado de retiro (separado) Fuente de clasificación o esquema de estanterías Estado dañado Ubicación Sala donde se ubica Nombre de la colección Fecha de adquisición o compra Costo, precio normal en soles Signatura topográfica Código de Barras Última vez visto (Koha) Tipo de ítem (Koha)
No     Sala Ciencias Sala Ciencias Book Cart 2019-03-21 20.00 591 / D62 SC0000000743 2019-03-21 Libros-BMC
No     Sala Ciencias Sala Ciencias Book Cart 2019-03-21 20.00 591 / D62 / e.2 SC0000000856 2019-03-21 Libros-BMC

Powered by Koha